| 000 | 00972nam a2200289Ia 4500 | ||
|---|---|---|---|
| 001 | G3932 | ||
| 003 | IT-RoPAU | ||
| 008 | 130308s9999 xx 000 0 und d | ||
| 040 | _aIT-RoPAU | ||
| 040 | _cIT-RoPAU | ||
| 041 | _aFRANCESE | ||
| 100 | _aQuerè Louis | ||
| 100 | _gCodice Aut. SPICS: 184 | ||
| 245 | _aConstruction de la relation et coordination de l'action dans la conversation | ||
| 245 | _bFormes de la Conversation (Les)-Volume 2 | ||
| 250 | _a1a ed. | ||
| 260 | _aPARIS | ||
| 260 | _bCNET | ||
| 260 | _c1991 [1° Ed.:1991 - Ed.Ling.Originale:1991] | ||
| 300 | _a"36 p. (prefazione: no ; testo: 36 [pagine: 253-288])" | ||
| 500 | _aCostruzione della relazione e coordinazione dell'Azione nella Conversazione. presentazione del Problema. Alcune Distinzioni Analitiche. Produzione locale di una relazione Ordinata. | ||
| 650 | _aSAGGI DI LINGUISTICA | ||
| 650 | _eCodice materia Spics: 3207 | ||
| 942 | _cBK | ||
| 957 | _71 | ||
| 999 |
_c77916 _d77916 |
||
| 999 | _g1 | ||